El reencuentro de la psicología social con la conducta colectiva y los movimientos sociales /

El autor discute tres tendencias recientes que refuerzan la marea creciente de interés hacia los factores sociopsicológicos. Al hacerlo, el autor intenta situar la perspectiva psicosocial, la tesis central del artículo de Javaloy, 2003 (en este mismo número), justamente en el centro del progreso cie...

Descripción completa

Detalles Bibliográficos
Autor principal: Johnston, Hank
Formato: Analitica de revista
Lenguaje:español

MARC

LEADER 00000cab a2200000 a 4500
001 041371
003 UAHC_CL
005 20170803124552.0
008 051228b xx j 000 1 spa
040 |a UAHC_CL  |c UAHC_CL  |d UAHC_CL 
100 1 |a Johnston, Hank 
245 1 3 |a El reencuentro de la psicología social con la conducta colectiva y los movimientos sociales /  |c Hank Johnston. 
500 |a Revista de Psicología Social (España) 2003, vol 18 (2). p. 207-211 
500 |a Revista de Psicología Social (España) 2003, vol 18 (2). p. 207-211 
520 |a El autor discute tres tendencias recientes que refuerzan la marea creciente de interés hacia los factores sociopsicológicos. Al hacerlo, el autor intenta situar la perspectiva psicosocial, la tesis central del artículo de Javaloy, 2003 (en este mismo número), justamente en el centro del progreso científico del estudio de la conucta colectiva y los movimientos sociales. Estas tendencias son las siguientes: 1) el interés en los procesos enmarcadotes de la acción colectiva, 2) la renovación del interés en torno a las emociones y los movimientos sociales, y 3) la focalización en el espacio geográfico y las relaciones espaciales y su papel de moldeamiento de la conducta colectiva y los movimientos sociales. 
520 |a El autor discute tres tendencias recientes que refuerzan la marea creciente de interés hacia los factores sociopsicológicos. Al hacerlo, el autor intenta situar la perspectiva psicosocial, la tesis central del artículo de Javaloy, 2003 (en este mismo número), justamente en el centro del progreso científico del estudio de la conucta colectiva y los movimientos sociales. Estas tendencias son las siguientes: 1) el interés en los procesos enmarcadotes de la acción colectiva, 2) la renovación del interés en torno a las emociones y los movimientos sociales, y 3) la focalización en el espacio geográfico y las relaciones espaciales y su papel de moldeamiento de la conducta colectiva y los movimientos sociales. 
520 |a El autor discute tres tendencias recientes que refuerzan la marea creciente de interÈs hacia los factores sociopsicolÛgicos. Al hacerlo, el autor intenta situar la perspectiva psicosocial, la tesis central del artÌculo de Javaloy, 2003 (en este mismo número), justamente en el centro del progreso cientÌfico del estudio de la conucta colectiva y los movimientos sociales. Estas tendencias son las siguientes: 1) el interÈs en los procesos enmarcadotes de la acciÛn colectiva, 2) la renovaciÛn del interÈs en torno a las emociones y los movimientos sociales, y 3) la focalizaciÛn en el espacio geogr·fico y las relaciones espaciales y su papel de moldeamiento de la conducta colectiva y los movimientos sociales. 
759 |a PP142 
773 0 |t Revista de sociología  |w 041937 
900 |a REV. PSICOL. SOC.-02/03 
942 |c REVA 
952 |0 0  |1 0  |4 0  |6 REV___PSICOL__SOC_02_03_000000000000000  |7 0  |8 General  |9 77702  |a BC  |b BC  |c General  |d 2017-08-03  |l 0  |o REV. PSICOL. SOC.-02/03  |p FICTICIO6835  |r 2019-01-08 00:00:00  |t 1  |w 2017-08-03  |y REVA 
999 |c 41371  |d 41371